000 00582nam a2200193 i 4500
001 23292
003 ES-MaACL
005 20250817153154.0
007 t|
008 021210s1823 sp |||| | spa d
100 1 _aAlvarez, José María.
_920650
245 1 0 _aInstituciones de derecho real de España /
_cJosé María Alvarez.
260 _aMadrid :
_bRepullés,
_c1823.
300 _a2 t. en 1 v. ;
_c21 cm.
650 0 4 _aDerecho civil-
_zEspaña
_911659
710 2 _aImprenta de Repullés (Madrid)
_9161834
852 _aES-MaACL
_jC-3329
999 _c23292
_d23292